Avoiding procurement pitfalls (Record no. 109328)
[ view plain ]
| 000 -LEADER | |
|---|---|
| fixed length control field | 01261cad a22002175a 4500 |
| 001 - CONTROL NUMBER | |
| control field | L146875 |
| 008 - FIXED-LENGTH DATA ELEMENTS--GENERAL INFORMATION | |
| fixed length control field | 090305s2009 xxk f 000 0 eng d |
| 035 ## - SYSTEM CONTROL NUMBER | |
| System control number | (Sirsi) u146875 |
| 041 0# - LANGUAGE CODE | |
| Language code of text/sound track or separate title | eng |
| 050 04 - LIBRARY OF CONGRESS CALL NUMBER | |
| Classification number | 692.8 $2 18 |
| 110 2# - MAIN ENTRY--CORPORATE NAME | |
| Corporate name or jurisdiction name as entry element | Association of Consulting Engineers |
| 9 (RLIN) | 1225 |
| 245 00 - TITLE STATEMENT | |
| Title | Avoiding procurement pitfalls |
| Remainder of title | an ACE guide |
| Medium | [electronic resource] |
| 260 ## - PUBLICATION, DISTRIBUTION, ETC. | |
| Place of publication, distribution, etc. | London |
| Name of publisher, distributor, etc. | ACE |
| Date of publication, distribution, etc. | 2009 |
| 520 ## - SUMMARY, ETC. | |
| Summary, etc. | Intended as an overview of the concepts involved in procuring the services of a project delivery team: the basic principles should be applicable to both construction projects and service contracts. Sets out the key steps in an effective procurement process with a view to helping all parties in the procurement process identify the best approach. However, it is not intended as a detailed procurement manual and so does not cover all eventualities. Appendix contains a self-assessment tool which may be used to assess the capabilities of an existing procurement team and anticipate future professional skills which might be needed. |
| 521 ## - TARGET AUDIENCE NOTE | |
| Target audience note | Advanced |
| 590 ## - LOCAL NOTE (RLIN) | |
| Local note | KA |
| 651 #4 - SUBJECT ADDED ENTRY--GEOGRAPHIC NAME | |
| Geographic name | United Kingdom |
| Chronological subdivision | |
| 690 ## - LOCAL SUBJECT ADDED ENTRY--TOPICAL TERM (OCLC, RLIN) | |
| Topical term or geographic name as entry element | Procurement |
| 9 (RLIN) | 6260 |
| 856 40 - ELECTRONIC LOCATION AND ACCESS | |
| Uniform Resource Identifier | <a href="https://www.acenet.co.uk/">https://www.acenet.co.uk/</a> |
| Public note | View the document free of charge at www.acenet.co.uk... |
| 942 ## - ADDED ENTRY ELEMENTS (KOHA) | |
| Suppress in OPAC | 0 |
| Withdrawn status | Lost status | Source of classification or shelving scheme | Damaged status | Not for loan | Home library | Current library | Shelving location | Date acquired | Total Checkouts | Full call number | Barcode | Date last seen | Copy number | Price effective from | Koha item type |
|---|---|---|---|---|---|---|---|---|---|---|---|---|---|---|---|
| Dewey Decimal Classification | Virtual | Virtual | Online | 05/03/2009 | ONLINE PUBLICATION | 146875-1001 | 06/08/2019 | 1 | 06/08/2019 | Book |